000
00349nam a2200145Ia 4500
008
230718s9999 xx 000 0 und d
041
_a
Eng.
082
_a
340
_b
MAS-P
100
_a
Massed, Tahir
245
0
_a
Pakistan law Journal (1986)
260
_a
Pakistan
_b
ALL Pakistan legal decision
_c
1986
300
_a
624
650
_a
Law
999
_c
27383
_d
27383